000 00610nam a2200181Ia 4500
003 GCL
008 140319s9999 xx 000 0 ara d
040 _aGCL /
_cGCL
082 0 4 _a226
_bم ا
100 1 _aمحمد العربى بن التبانى
245 1 0 _aاتحاف ذوى الصحابة : بما فى القران والسنة من فضائل الصحابة /
_cمحمد العربى بن التبانى
260 _a[S.N] :
_bدار الصحوه للنشر والتوزيع ،
_c1986
300 _a152ص
490 _a
650 0 4 _aالصحابة
650 0 4 _aالقران
942 _2ddc
_cBK
999 _c28373
_d28373